| 000 | 00922nam a2200217Ia 4500 | ||
|---|---|---|---|
| 999 |
_c39344 _d39344 |
||
| 001 | 5931 | ||
| 003 | GE_BSU | ||
| 005 | 20190829115125.0 | ||
| 008 | 181216s1969||||ge |||||||||||||| ||geo|| | ||
| 040 | _cGE_BSU | ||
| 041 | _ageo | ||
| 080 | _a821.353.1-94 + 910.4 + 7 ა-13 | ||
| 100 |
_aაბაშიძე, ირაკლი _93740 |
||
| 245 |
_aგზები და ფიქრები : _bმოგზაურის ჩანაწერები / _cირაკლი აბაშიძე ; რედ. კ.ლორთქიფანიძე. |
||
| 264 |
_aთბილისი : _bნაკადული ; _c1969. |
||
| 300 |
_a250 გვ. ; _c20 სმ |
||
| 653 | _aგზები და ფიქრები | ||
| 653 | _aმოგზაურის ჩანაწერები | ||
| 700 |
_aლორთქიფანიძე, კ. _eრედაქტორი _93817 |
||
| 942 |
_cBK _2udc |
||